=LDR 00000nam 2200000 4500 =001 INLIS000000000041757 =005 20130612151254 =008 ***********************************Ind** =035 ##$$0010-061300000041757 =041 ##$$a Ind =082 ##$$a 813.Di =100 ##$$a Ahmad Din =245 ##$$a Ratu Roti Cane =260 ##$$a Kompas Gramedia $b Jakarta =300 ##$$a 135hlm, , Ilus, , 15cm =850 ##$$a NBPNMAT